[Event "Lienz op 17th"]
[Site "Lienz"]
[Date "2013.02.12"]
[Round "5"]
[White "Unterreiner, Manuel"]
[Black "Schwarhofer, Christopher"]
[Result "0-1"]
[WhiteElo "2072"]
[BlackElo "2285"]
[PlyCount "64"]
[EventDate "2013.02.09"]
[EventType "swiss"]
[EventRounds "9"]
[EventCountry "AUT"]
[SourceTitle "CBM 152 Extra"]
[Source "ChessBase"]
[SourceDate "2013.02.25"]
[SourceVersion "1"]
[SourceVersionDate "2013.02.25"]
[SourceQuality "1"]

1. e4 c6 2. d4 d5 3. Nd2 dxe4 4. Nxe4 Nf6 5. Nxf6+ gxf6 6. c3 Qd5 7. Qf3 Bf5 8. Qxd5 cxd5 9. Bb5+ Nc6 10. Ne2 a6 11. Ba4 b5 12. Bb3 e6 13. Bf4 0-0-0 14. 0-0 h5 15. a4 Kb7 16. axb5 axb5 17. Rfe1 h4 18. Ba2 Ra8 19. b4 Rg8 20. Bb3 Be4 21. g3 hxg3 22. fxg3 Be7 23. Kf2 e5 24. Be3 Bd6 25. Rec1 Rh8 26. h4 Rxa1 27. Rxa1 Rh5 28. Ra2 Rf5+ 29. Kg1 Rf3 30. dxe5 fxe5 31. Bd2 Bc7 32. Be1 Bb6+ 0-1